<?xml version="1.0" encoding="UTF-8"?>
<collection xmlns="http://www.loc.gov/MARC21/slim">
 <record>
  <leader>     na                 </leader>
  <controlfield tag="001">INLIS000000000003213</controlfield>
  <controlfield tag="005">20220712013614</controlfield>
  <datafield tag="035" ind1=" " ind2=" ">
   <subfield code="a">0010-0621002813</subfield>
  </datafield>
  <controlfield tag="008">220712                g          0 ind  </controlfield>
  <datafield tag="245" ind1="1" ind2=" ">
   <subfield code="a">Asas Dan Dasar Perpajakan 2</subfield>
  </datafield>
  <datafield tag="100" ind1="1" ind2=" ">
   <subfield code="a">Soemitro, Rochmat</subfield>
  </datafield>
  <datafield tag="250" ind1=" " ind2=" ">
   <subfield code="a">revisi</subfield>
  </datafield>
  <datafield tag="260" ind1=" " ind2=" ">
   <subfield code="a">Bandung :</subfield>
   <subfield code="b">Refika Aditama,</subfield>
   <subfield code="c">1998</subfield>
  </datafield>
  <datafield tag="300" ind1=" " ind2=" ">
   <subfield code="a">199 hlm. ;</subfield>
   <subfield code="c">21 cm.</subfield>
  </datafield>
  <datafield tag="084" ind1=" " ind2=" ">
   <subfield code="a">336.2 SOE a</subfield>
  </datafield>
  <datafield tag="520" ind1=" " ind2=" ">
   <subfield code="a">ASAS DAN DASAR PERPAJAKAN 2Buku ini merupakan sambungan dari Asas dan Dasar Perpajakan Jilid I yang sudah terbit terlebih dahulu.Sebagaimana kami uraikan dalam kata Pengantar buku Jilid I, isi buku ini merupakan pelengkap dari buku Pengantar Ilmu Hukum karangan Mr. Santosa Brotodihardjo dan dari buku karangan saya yang berjudul Pajak Penghasilan 1984 maupun buku Pajak Bumi dan Bangunan yang diterbitkan oleh penerbit ERESCO.Jilid II ini berisi 4 Bab dan memuat uraian tentang timbul dan hapusnya utang pajak, penetapan dan surat ketatapan pajak serta denda yang dapat ditambahkan pada surat ketetapan pajak, masalah yang bertalian dengan penagihan dan pembayaran pajak, tata cara penagihan pajak, tempat pembayaran dan penyetoranpajak, kelebihan pembayaran pajak, kedudukan STP, SKP, SKPT, kredit pajak, daluwarsa dan surat paksa.Dalam bab lain diuraikan tentang tata cara dan kewajiban pembukuan serta pemeriksaan pembukuan dan penerapan Norma penghitungan. Bab selanjutnya membahas soal surat keberatan, surat minta banding dan cara serta saluran hukum yang dapat digunakan untuk memperoleh, keadilan dalam bidang perpajakan, proseduran di hadapan Majelis Pertimbangan Pajak serta penerapan ordonansi kepatu tan (Billij kheid sord onnantie ) jilid II buku ini disusul lagi dengan jilid ketiga yang merupakan jilid terakhir dan memuat tentang tindak pidana dalam bidang perpajakan dan cara penyidikannya. Juga dipermasalahkan apakah ada kemungkinan untuk kumulasi sanksi pidana dengan sanksi administrasi. Dan selanjutnya dibahas peraturan peralihan serta kebijaksanaan pemerintah di bidang perpajakan pada khususnya dan di bidang keuangan pada umumnya. Dengan tiga jilid ini kami rasa segi hukum pajak formal sudah lengkap dibahas sehingga merupakan suatu yang lengkap bagi mereka yang ingin memperdalami pajak-pajak, baik dari segi hukum maupun dari segi ekonomi. Kami harapkan buku ini dapat memenuhi kebutuhan khalayak ramai dan mengharapkan bantuan paru pembaca untuk memberikan saran-rurun perbaikan sehingga buku ini dapat menjadi sempurna sebagai suatu pengantar perpajakan di Indonesia.(libra)</subfield>
  </datafield>
  <datafield tag="082" ind1=" " ind2=" ">
   <subfield code="a">336.2</subfield>
  </datafield>
  <datafield tag="650" ind1=" " ind2="4">
   <subfield code="a">Pajak dan Perpajakan</subfield>
  </datafield>
  <datafield tag="990" ind1=" " ind2=" ">
   <subfield code="a">029112</subfield>
  </datafield>
  <datafield tag="990" ind1=" " ind2=" ">
   <subfield code="a">029109</subfield>
  </datafield>
  <datafield tag="990" ind1=" " ind2=" ">
   <subfield code="a">029110</subfield>
  </datafield>
  <datafield tag="990" ind1=" " ind2=" ">
   <subfield code="a">029111</subfield>
  </datafield>
  <datafield tag="990" ind1=" " ind2=" ">
   <subfield code="a">029113</subfield>
  </datafield>
 </record>
</collection>
